| 000 | 00632nam a22002297a 4500 | ||
|---|---|---|---|
| 999 |
_c9153 _d9153 |
||
| 001 | 9153 | ||
| 003 | BD-JhCC | ||
| 005 | 20180521144328.0 | ||
| 008 | 180310s1975 BG |||| |||| 000 0 eng d | ||
| 035 | _a(BD-JhCC)9153 | ||
| 040 |
_aBD-JhCC _dBD-JhCC |
||
| 041 | _aeng | ||
| 082 |
_a320.954904 _bAHM 1975 |
||
| 100 | _aAhmad, Abdul Mansur | ||
| 245 |
_aEnd of a betrayal and restoration of Lahore resolution / _cAbdul Mansur Ahmad |
||
| 260 |
_aDacca: _bKhoshroz Kitab Mahal, _c1975. |
||
| 300 |
_a658 p.: _c22 cm. |
||
| 504 | _aInclude Index | ||
| 650 | _apolitics and government | ||
| 942 |
_2ddc _cBK |
||